A study of succesional processes on travertines in the Hornádska kotlina valley (Slovak republic) on the basis of molluscs (Mollusca)

Bibliographic Details
Main Authors: Šteffek, Jozef, 1952-2013 (Author), Lučivjanská, Viera, 1947-1993 (Author), Vavrová, Ľubomíra (Author)
Format: Article
Language:Slovak
English
PhysicalDescription:Tab.
ISSN:1335-342X
Subjects:

MARC

LEADER 00000nab a2200000 a 4500
001 vtls009466555
003 SK-MaSNL
005 20260304164911.0
008 250507c2008 xo |||||||||||000 b|slo
015 |a SNBRB2009/01  |2 snkbucl 
035 |a (uuid)fbe81710-3800-401f-ab49-5f22b40eaeca 
035 |a urn:nbn:sk:snk-ab9yin 
035 |a (urnnbn)urn:nbn:sk:snk:ar-a094nl 
038 |a SNKBUCL 
040 |a SNKBUCL  |b slo  |c SNKBUCL  |e AACR2 
041 0 |a eng  |b eng  |b slo 
044 |a xo  |c SK 
080 |a 594:591.5  |x (437.6)  |2 1997 
080 |a 591.5  |x (437.6)  |2 1997 
100 1 |a Šteffek, Jozef,  |d 1952-2013  |4 aut  |9 215508 
245 1 0 |a A study of succesional processes on travertines in the Hornádska kotlina valley (Slovak republic) on the basis of molluscs (Mollusca)  |c Jozef Šteffek, Viera Lučivjanská, Ľubomíra Vavrová 
300 |b Tab. 
504 |a Bibliogr. odkazy 
546 |a Res. angl., slov. 
650 0 7 |a mäkkýše  |2 snkbucl  |9 18799 
650 0 7 |a živočíšne spoločenstvá  |2 snkbucl  |9 82060 
650 0 7 |a ekosozológia  |2 snkbucl  |9 239042 
650 0 7 |a ekologická sukcesia  |2 snkbucl  |9 117996 
650 0 7 |a travertín  |2 snkbucl  |9 166197 
651 7 |a Hornádska kotlina (Slovensko)  |2 snkbucl  |9 58718 
700 1 |a Lučivjanská, Viera,  |d 1947-1993  |4 aut  |9 27354 
700 1 |a Vavrová, Ľubomíra  |4 aut  |9 318048 
773 0 |t Ekológia = Ecology  |g Vol. 27, No. 2 (2008), s. 168-188  |x 1335-342X 
850 |a Slovenská národná knižnica 
852 |a Slovenská národná knižnica 
958 |a article13 
958 |a OND 
958 |a NB 
958 |a SK 
958 |a EUIPO 
999 |c 2982012  |d 2983942